Failure risk rate takes surprise upward turn (Record no. 83190)
[ view plain ]
| 000 -LEADER | |
|---|---|
| fixed length control field | 00976cab a22001935a 4500 |
| 001 - CONTROL NUMBER | |
| control field | L153108 |
| 008 - FIXED-LENGTH DATA ELEMENTS--GENERAL INFORMATION | |
| fixed length control field | 110608e2011 xxk 000 0 eng d |
| 035 ## - SYSTEM CONTROL NUMBER | |
| System control number | (Sirsi) u153108 |
| 041 0# - LANGUAGE CODE | |
| Language code of text/sound track or separate title | eng |
| 100 1# - MAIN ENTRY--PERSONAL NAME | |
| Personal name | Phillips, Mike |
| 245 00 - TITLE STATEMENT | |
| Title | Failure risk rate takes surprise upward turn |
| 260 ## - PUBLICATION, DISTRIBUTION, ETC. | |
| Date of publication, distribution, etc. | 2011 |
| 490 #0 - SERIES STATEMENT | |
| Series statement | Property Week |
| Volume/sequential designation | 77(21) 27 May 2011, 22(1) |
| 520 ## - SUMMARY, ETC. | |
| Summary, etc. | Fidelity International's latest "Fidelity Income Risk Monitor" shows the risk of tenant failure rising for the first time since the second quarter of 2009. Average likelihood of tenant defaults in any sector rose by two basis points to 2.84% in Q1 2011. Surprisingly it was the office sector that drove the increase rather than any weakening in the retail sector. Exceptionally failure rates in the specialist logistics sector continued their fall since Q2 2009. |
| 590 ## - LOCAL NOTE (RLIN) | |
| Local note | KA |
| 651 #4 - SUBJECT ADDED ENTRY--GEOGRAPHIC NAME | |
| Geographic name | United Kingdom |
| Chronological subdivision | |
| 690 ## - LOCAL SUBJECT ADDED ENTRY--TOPICAL TERM (OCLC, RLIN) | |
| Topical term or geographic name as entry element | PROPERTY-COMMERCIAL PROPERTY-COMMERCIAL PROPERTY MARKET |
| 942 ## - ADDED ENTRY ELEMENTS (KOHA) | |
| Suppress in OPAC | 0 |
| Withdrawn status | Lost status | Source of classification or shelving scheme | Damaged status | Not for loan | Home library | Current library | Shelving location | Date acquired | Total Checkouts | Full call number | Barcode | Date last seen | Copy number | Price effective from | Koha item type |
|---|---|---|---|---|---|---|---|---|---|---|---|---|---|---|---|
| Dewey Decimal Classification | London | London | Journal article | 08/06/2011 | L153108 | 153108-1001 | 06/08/2019 | 1 | 06/08/2019 | Journal article |